Report of the Committee of Enquiry into the expenses of the Life Insurance Corporation of India (Record no. 489853)

000 -LEADER
fixed length control field 00587cam a22001337a 4500
008 - FIXED-LENGTH DATA ELEMENTS--GENERAL INFORMATION
fixed length control field 180718b1969 xxu||||| |||| 00| 0 eng d
082 ## - DEWEY DECIMAL CLASSIFICATION NUMBER
Classification number U61x54 In2/LIC
100 ## - MAIN ENTRY--PERSONAL NAME
Personal name Committee of Enquiry into the expenses of the Life Insurance Corporation
245 ## - TITLE STATEMENT
Title Report of the Committee of Enquiry into the expenses of the Life Insurance Corporation of India
Statement of responsibility, etc. by Committee of Enquiry into the expenses of the Life Insurance Corporation, India
260 ## - PUBLICATION, DISTRIBUTION, ETC.
Place of publication, distribution, etc. New Delhi
Name of publisher, distributor, etc. The author
Date of publication, distribution, etc. 1969
300 ## - PHYSICAL DESCRIPTION
Extent 2 Parts
500 ## - GENERAL NOTE
General note Contents: Pt. 1. 417+p;Pt. 2. 207+p.
700 ## - ADDED ENTRY--PERSONAL NAME
Personal name Morarka, R.R. (Chairman)
Holdings
Withdrawn status Lost status Damaged status Not for loan Permanent Location Current Location Date acquired Full call number Barcode Date last seen Price effective from Koha item type
        Indian Institute of Public Administration Indian Institute of Public Administration 2018-08-04 U61x54 In2/LIC G10251 2018-08-04 2018-08-04 G
        Indian Institute of Public Administration Indian Institute of Public Administration 2018-08-04 U61x54 In2/LIC G10250 2018-08-04 2018-08-04 G

Powered by Koha